000 01180nam a22002897a 4500
001 9258
003 FISKH
005 20251205133937.0
008 251205b cb ||||| |||| 00| 0 eng d
020 _a0153317795
040 _aFISKH
_beng
_cFISKH
_dFISKH
050 _aPE1117.C66 M
082 _a372
100 _aCooper, Elizabeth K.
_eAuthor
245 _aA magic afternoon /
_cStories by Elizabeth K. Cooper ; Illustrated by Walter Brooks
260 _aNew York :
_bHarcourt Brace Jovanovich Inc. ,
_c1979
300 _a72 pages :
_bcolor illustrations ;
_c24 cm
505 _aL
520 _aA book that includes 17 stories. The little house in the grass, Mr. Fig, The lost mouse, The bad cat, Will they save mouse?, Mr. Fig's surprise, The fast ride, The lost hat, The wet car, A surprise for Mr. Fig, Mr. Fig and Grasshopper, The surprise, Go to the house, Jill finds friends, Jill's magic, Turtle and the pond and The good friends.
521 8 _a550
_bLexile estimate
521 8 _aL
_bRaz-Plus
650 _aFantasy
_vFolktale
650 _aSchool book
_vShort stories
700 _aBrooks, Walter
_eIllustrator
942 _2ddc
_cBK
_n0
999 _c9258
_d9258